| 000 | 02089nam a2200433 a 4500 | ||
|---|---|---|---|
| 999 |
_c134670 _d134670 |
||
| 003 | BLK | ||
| 005 | 20241114005504.0 | ||
| 008 | 180409b bul|||||r ||||||| ||bul|| | ||
| 010 | _aKNG00140585000 | ||
| 040 | _aBLK | ||
| 041 |
_aBUL _cBUL |
||
| 080 |
_aБългарска литература _b821.163.2 _x-93-312.6 _z821.163.2-93-312.6 |
||
| 080 |
_aОсвобождение на България. Руско-турска война (1877-1878) _b94(497.2)"1877/1878" _x(092)(0:82-31) _z94(497.2)"1877/1878"(092)(0:82-31) |
||
| 080 |
_aКапитан Райчо, дядо Райчо, Райчо Николаев. Опълченец-поборник, български военен деец и офицер, майор _b929 Николов, Райчо _z929 Николов, Райчо |
||
| 100 |
_aГабе, Дора Петрова _gПоетеса и писателка. Преводачка от полски език. _d1886-1983 _qГабе, Изидора Петрова _9369524 |
||
| 139 |
_aГабе, Дора Петрова _bГ 13 |
||
| 245 | 1 | 0 |
_aМълчаливи герои _bРоман за юноши _cДора Габе; ил. Тодор Панайотов. |
| 250 | _a3. изд. | ||
| 257 | _aBGR | ||
| 260 |
_aСофия _bБълг. писател _c1962 |
||
| 300 |
_a213 с. _bил. _c25 см |
||
| 380 | _aX | ||
| 500 | _aЗа 1. изд. се счита изд. от 1934 г. - 10 100 тир. | ||
| 600 | 0 |
_aНиколов, Райчо Николов _d1840 - 1885 _9324006 |
|
| 650 | 4 |
_aНиколов, Райчо _9324006 |
|
| 651 | 4 |
_aБългария _9241624 |
|
| 653 | _aРайчо Николов | ||
| 653 | _aроманизувани биографии | ||
| 653 | _aлитература за деца | ||
| 653 | _aдетска литература | ||
| 700 | 1 |
_aПанайотов, Тодор _eил. _9367264 |
|
| 852 |
_aЦб 21751 _bЦб |
||
| 856 | 4 | _qpdf | |
| 856 | 4 | _qpdf | |
| 942 |
_cKNG _n0 _s1 |
||
| 944 |
_aCR _c12.03.2013 _lCRON CRON _k |
||
| 944 |
_aED _c12.03.2013 _l12.03.2013 - от С1,Р / 12.03.2013 |
||
| 999 | _d134670 | ||